000 00973cpcaa2200265 a 4500
001 mm 80074617
003 DLC
005 20260227111705.0
008 801216|||||||||||| eng
010 _amm 80074617
040 _aDLC
_cDLC
_dDLC
_edacs
072 7 _aF
_2lcmd
100 1 _aWashington, George,
_d1732-1799.
245 0 0 _aGeorge Washington correspondence,
_f1748-1783.
300 _a1
_fmicrofilm reel.
506 0 _aOpen to research.
533 _aMicrofilm of originals in the Fairfax family papers, Gays House (Berkshire, England).
535 1 _aGays House,
_bBerkshire, England
545 0 _aU.S. president, U.S. Army officer, and patriot.
600 1 0 _aWashington, George,
_d1732-1799
_vCorrespondence.
600 3 0 _aFairfax family.
656 7 _aArmy officers.
_2itoamc
656 7 _aPresidents
_zUnited States.
_2itoamc
999 _c42934
_d42934